000 00636nam a2200229Ia 4500
003 OSt
005 20220923220635.0
006 a|||||r|||| 00| 0
007 ta
008 220922b |||||||| |||| 00| 0 hin d
024 _a188,247
037 _cTextual
040 _aARTS
_cARTS
_bhin
041 _2hin
_ahin
082 _aV495,2y7N12, 152L3
100 _aकिम इल संुग
_9164428
245 0 _aसंकलित रचनाएँ
246 _aSankalit rachanāeँ
260 _c1973
942 _hV495,2y7N12, 152L3
_cTEXL
_2CC
999 _c341323
_d341323